[Event "Verbandsliga Suedbaden 2122"]
[Site "Baden"]
[Date "2022.05.22"]
[Round "5.3"]
[White "Milosevic, Goran"]
[Black "Akermann, Thomas"]
[Result "1-0"]
[WhiteElo "2288"]
[BlackElo "2179"]
[PlyCount "69"]
[EventDate "2021.10.10"]
[EventType "team-tourn"]
[EventRounds "9"]
[EventCountry "GER"]
[SourceTitle "EXT 2023"]
[Source "ChessBase"]
[SourceDate "2022.10.05"]
[SourceVersion "1"]
[SourceVersionDate "2022.10.05"]
[SourceQuality "1"]
[WhiteTeam "Dreisamtal"]
[BlackTeam "Gottmadingen"]
[WhiteTeamCountry "GER"]
[BlackTeamCountry "GER"]

1. e4 d6 2. d4 Nf6 3. Nc3 e5 4. Nf3 exd4 5. Nxd4 Be7 6. Be2 0-0 7. 0-0 Re8 8. Re1 Bf8 9. Bf1 c6 10. Bg5 h6 11. Bh4 Nbd7 12. a4 a5 13. Nb3 Ne5 14. f3 Ng6 15. Bf2 Be6 16. Nd4 Bd7 17. Qd2 Qc7 18. Be3 Rad8 19. Qf2 Bc8 20. Nf5 Nd7 21. Rad1 Nc5 22. Qg3 Qb6 23. b3 Bxf5 24. exf5 Ne7 25. Qg4 Qb4 26. Bd4 h5 27. Qxh5 Nc8 28. Rxe8 Rxe8 29. Qg4 d5 30. Ne2 Nb6 31. Ng3 Nbd7 32. Nh5 f6 33. Qg6 Re5 34. Bxe5 fxe5 35. f6 1-0

[Event "Verbandsliga Suedbaden 2122"]
[Site "Baden"]
[Date "2022.04.24"]
[Round "9.2"]
[White "Roesch, Mario"]
[Black "Akermann, Thomas"]
[Result "1-0"]
[WhiteElo "2170"]
[BlackElo "2179"]
[PlyCount "115"]
[EventDate "2021.10.10"]
[EventType "team-tourn"]
[EventRounds "9"]
[EventCountry "GER"]
[SourceTitle "EXT 2023"]
[Source "ChessBase"]
[SourceDate "2022.10.05"]
[SourceVersion "1"]
[SourceVersionDate "2022.10.05"]
[SourceQuality "1"]
[WhiteTeam "Oberwinden"]
[BlackTeam "Gottmadingen"]
[WhiteTeamCountry "GER"]
[BlackTeamCountry "GER"]

1. d4 d6 2. Nf3 Bg4 3. Qd3 Nd7 4. Qe4 Ngf6 5. Qxb7 e5 6. e3 Be7 7. Be2 0-0 8. h3 Bf5 9. c3 a5 10. Qb3 Rb8 11. Qd1 e4 12. Nfd2 d5 13. c4 c6 14. Nc3 Qc7 15. c5 h6 16. Nf1 Nh7 17. Na4 Be6 18. Bd2 f5 19. Qc2 g5 20. g3 Ra8 21. 0-0-0 Rf6 22. Kb1 Bf7 23. Rc1 Bg6 24. Qd1 Nhf8 25. Ka1 Ne6 26. Qe1 Rff8 27. Rg1 Bf6 28. Bc3 Rfb8 29. Nd2 Rb4 30. Bd1 Rb7 31. Nb3 Rba7 32. Be2 Kf7 33. Qd2 Bd8 34. Rcf1 Qb8 35. f4 exf3 36. Rxf3 Nf6 37. Bd3 Ne4 38. Bxe4 dxe4 39. Rff1 Rd7 40. Qc2 Qb5 41. Nd2 Qd3 42. Qxd3 exd3 43. Nc4 Bc7 44. Nab6 Rdd8 45. Nxa8 Rxa8 46. a4 Ke7 47. b3 Nd8 48. Kb2 Nb7 49. Bd2 Ke6 50. Kc3 Rf8 51. e4 Rf7 52. exf5+ Rxf5 53. Rxf5 Bxf5 54. g4 Be4 55. Re1 Kd5 56. Ne3+ Ke6 57. Nf5 Kd5 58. Ne7+ 1-0

[Event "Zuerich op 42nd"]
[Site "Zuerich"]
[Date "2018.12.26"]
[Round "1"]
[White "Akermann, Thomas"]
[Black "Narayanan, Sunilduth Lyna"]
[Result "0-1"]
[WhiteElo "2145"]
[BlackElo "2575"]
[PlyCount "68"]
[EventDate "2018.12.26"]
[EventType "swiss"]
[EventRounds "7"]
[EventCountry "SUI"]
[SourceTitle "CBM 188 Extra"]
[Source "ChessBase"]
[SourceDate "2019.02.26"]
[SourceVersion "1"]
[SourceVersionDate "2019.02.26"]
[SourceQuality "1"]

1. Nf3 d5 2. c4 d4 3. e3 Nc6 4. exd4 Nxd4 5. Nxd4 Qxd4 6. Nc3 c6 7. d3 Nh6 8. Be3 Qd8 9. g3 g6 10. Bg2 Bg7 11. d4 Nf5 12. d5 Nxe3 13. fxe3 cxd5 14. cxd5 Qb6 15. Qd2 0-0 16. 0-0 Bd7 17. Kh1 Rac8 18. Rae1 Be5 19. Nd1 Rc7 20. Be4 Rfc8 21. Re2 Qa6 22. Ref2 Bb5 23. Kg2 Bxf1+ 24. Rxf1 Qxa2 25. Nf2 Qxb2 26. Qa5 b6 27. Qa6 Qd2 28. Kf3 Rc1 29. Rd1 Rxd1 30. Qxc8+ Kg7 31. Nxd1 Qxd1+ 32. Kg2 Qe2+ 33. Kh3 f5 34. d6 Qg4+ 0-1

[Event "Verbandsliga Suedbaden 1819"]
[Site "Baden"]
[Date "2018.11.04"]
[Round "2.5"]
[White "Akermann, Thomas"]
[Black "Weidemann, Joerg"]
[Result "0-1"]
[WhiteElo "2141"]
[BlackElo "2277"]
[PlyCount "96"]
[EventDate "2018.10.14"]
[EventType "team-tourn"]
[EventRounds "9"]
[EventCountry "GER"]
[SourceTitle "EXT 2020"]
[Source "ChessBase"]
[SourceDate "2019.10.17"]
[SourceVersion "1"]
[SourceVersionDate "2019.10.17"]
[SourceQuality "1"]
[WhiteTeam "Gottmadingen"]
[BlackTeam "Emmendingen II"]
[WhiteTeamCountry "GER"]
[BlackTeamCountry "GER"]

1. c4 c6 2. d4 Nf6 3. Nc3 d6 4. e4 e5 5. dxe5 dxe5 6. Qxd8+ Kxd8 7. f4 Bb4 8. Bd3 Nbd7 9. Nf3 Nc5 10. 0-0 Bg4 11. fxe5 Nfd7 12. Bc2 Bxc3 13. bxc3 Be6 14. Bg5+ Ke8 15. Be3 Bxc4 16. Rfd1 h6 17. Nd4 g6 18. Nb3 Ne6 19. Na5 Ba6 20. Rab1 Ndc5 21. Rd6 Rd8 22. Rbd1 Rxd6 23. exd6 Kd7 24. e5 b6 25. Nb3 Na4 26. Bd3 Bxd3 27. Rxd3 Nb2 28. Rd2 Nc4 29. Rf2 Rh7 30. Bf4 Nxf4 31. Rxf4 Nxe5 32. Rd4 f5 33. h3 c5 34. Rd1 Rf7 35. a4 a5 36. Nd2 Rf6 37. Nf3 Nxf3+ 38. gxf3 Rxd6 39. Rb1 Kc6 40. Kf2 c4 41. h4 f4 42. Re1 b5 43. axb5+ Kxb5 44. h5 gxh5 45. Re5+ Ka4 46. Rxh5 Kb3 47. Rxa5 Kxc3 48. Rf5 Kd2 0-1

[Event "SUI-chT"]
[Site "Switzerland"]
[Date "2018.10.27"]
[Round "8.3"]
[White "Akermann, Thomas"]
[Black "Zujev, Oleg"]
[Result "0-1"]
[WhiteElo "2159"]
[BlackElo "2363"]
[PlyCount "126"]
[EventDate "2018.03.25"]
[EventType "team-tourn"]
[EventRounds "9"]
[EventCountry "SUI"]
[SourceTitle "CBM 187 Extra"]
[Source "ChessBase"]
[SourceDate "2018.11.04"]
[SourceVersion "1"]
[SourceVersionDate "2018.11.04"]
[SourceQuality "1"]
[WhiteTeam "St Gallen"]
[BlackTeam "Mendrisio"]
[WhiteTeamCountry "SUI"]
[BlackTeamCountry "SUI"]

1. c4 g6 2. d4 Nf6 3. Nf3 Bg7 4. Nc3 d5 5. Bg5 Ne4 6. cxd5 Nxg5 7. Nxg5 e6 8. Nf3 exd5 9. e3 0-0 10. Be2 a5 11. 0-0 c6 12. Qb3 Re8 13. Na4 Nd7 14. Rac1 b5 15. Nc5 Nxc5 16. Rxc5 Bd7 17. a4 b4 18. Qd1 Bf8 19. Rc1 Bd6 20. Ne1 h5 21. Nd3 Qh4 22. g3 Qe7 23. Bf3 h4 24. Re1 Qg5 25. Nc5 Bxc5 26. Rxc5 f5 27. Kf1 Kg7 28. Re2 Qf6 29. Ke1 g5 30. Qd2 Rh8 31. Kd1 g4 32. Bg2 hxg3 33. hxg3 Qg5 34. Re1 Rh2 35. Rg1 Qh6 36. Qe1 Qd6 37. Bf1 Qc7 38. Bd3 Rah8 39. Kc1 Qd8 40. Kb1 R8h6 41. Ka2 Qb6 42. Kb3 Qd8 43. Qf1 Kf7 44. Rg2 Rh1 45. Rg1 R1h2 46. Rg2 Rh1 47. Rg1 Rxg1 48. Qxg1 Ke7 49. Qb1 Kf6 50. Rc1 Rh2 51. Qc2 Qe7 52. Ba6 Qe4 53. Qxe4 fxe4 54. Rc2 Ke7 55. Ka2 Kd6 56. Kb3 Kc7 57. Bf1 Kb7 58. f4 Rh1 59. Bg2 Re1 60. Rf2 Rxe3+ 61. Kc2 Bf5 62. Kd2 Rxg3 63. Ke1 e3 0-1

[Event "Verbandsliga Suedbaden 1718"]
[Site "Baden"]
[Date "2018.02.18"]
[Round "6.5"]
[White "Akermann, Thomas"]
[Black "Zimmermann, Peter"]
[Result "1-0"]
[WhiteElo "2144"]
[BlackElo "2232"]
[PlyCount "59"]
[EventDate "2017.10.08"]
[EventType "team-tourn"]
[EventRounds "9"]
[EventCountry "GER"]
[SourceTitle "EXT 2019"]
[Source "ChessBase"]
[SourceDate "2018.10.10"]
[SourceVersion "1"]
[SourceVersionDate "2018.10.10"]
[SourceQuality "1"]
[WhiteTeam "Gottmadingen"]
[BlackTeam "Waldshut"]
[WhiteTeamCountry "GER"]
[BlackTeamCountry "GER"]

1. d3 d5 2. Nf3 Nf6 3. Nbd2 c5 4. e4 Nc6 5. Be2 g6 6. c3 Bg7 7. 0-0 0-0 8. Re1 Qc7 9. Bf1 Rd8 10. Qc2 b6 11. a4 a5 12. exd5 Rxd5 13. Nc4 Bg4 14. Nfd2 Rh5 15. g3 Nd5 16. Bg2 Rd8 17. Nf1 e5 18. Nfe3 Ndb4 19. cxb4 Nxb4 20. Qb1 Nxd3 21. Bd2 Nxe1 22. Qxe1 Be6 23. Bc3 f5 24. Nxb6 Qxb6 25. Bxa5 Qb8 26. Bxd8 Qxd8 27. a5 f4 28. a6 fxe3 29. a7 exf2+ 30. Qxf2 1-0

[Event "Zuerich op-A 41st"]
[Site "Zuerich"]
[Date "2017.12.26"]
[Round "1"]
[White "Akermann, Thomas"]
[Black "Kunin, Vitaly L"]
[Result "0-1"]
[WhiteElo "2123"]
[BlackElo "2541"]
[PlyCount "120"]
[EventDate "2017.12.26"]
[EventType "swiss"]
[EventRounds "7"]
[EventCountry "SUI"]
[SourceTitle "CBM 182 Extra"]
[Source "ChessBase"]
[SourceDate "2018.02.23"]
[SourceVersion "1"]
[SourceVersionDate "2018.02.23"]
[SourceQuality "1"]

1. Nf3 d5 2. c4 d4 3. c5 Nc6 4. Qa4 Bg4 5. b4 Bxf3 6. exf3 a6 7. Bc4 e6 8. 0-0 Nf6 9. Re1 Be7 10. Qb3 0-0 11. a3 Kh8 12. Bb2 b6 13. cxb6 cxb6 14. Bf1 b5 15. d3 a5 16. bxa5 Nxa5 17. Qd1 Qb6 18. Nd2 Nd5 19. f4 Rac8 20. g3 Nc3 21. Qh5 Na4 22. Bc1 Kg8 23. Rb1 Nc3 24. Ra1 g6 25. Qg4 Na4 26. Nf3 Nb3 27. Rb1 Nxc1 28. Rexc1 Rxc1 29. Rxc1 Bxa3 30. Rb1 Nc3 31. Rb3 Be7 32. f5 Bf6 33. fxe6 Qxe6 34. Qxe6 fxe6 35. Nd2 Be7 36. Bh3 Kf7 37. Nf3 Bf6 38. Kg2 Ra8 39. Nd2 Be7 40. Nf3 Bf6 41. Nd2 Ke7 42. Bg4 Kd6 43. Bf3 Ra2 44. Ne4+ Nxe4 45. Bxe4 Kc5 46. Bb7 Bg5 47. Kf3 Bd2 48. Bc8 Be1 49. Rb1 Rxf2+ 50. Kg4 Bc3 51. h4 e5 52. Bd7 b4 53. Be6 Rd2 54. Bg8 h5+ 55. Kg5 Rxd3 56. Rg1 b3 57. Kxg6 b2 58. Ba2 Re3 59. Kxh5 d3 60. Kg4 d2 0-1

[Event "Verbandsliga Suedbaden 1718"]
[Site "Baden"]
[Date "2017.12.03"]
[Round "3.5"]
[White "Lang, Alexander"]
[Black "Akermann, Thomas"]
[Result "1-0"]
[WhiteElo "2032"]
[BlackElo "2123"]
[PlyCount "169"]
[EventDate "2017.10.08"]
[EventType "team-tourn"]
[EventRounds "9"]
[EventCountry "GER"]
[SourceTitle "EXT 2019"]
[Source "ChessBase"]
[SourceDate "2018.10.10"]
[SourceVersion "1"]
[SourceVersionDate "2018.10.10"]
[SourceQuality "1"]
[WhiteTeam "Oberwinden"]
[BlackTeam "Gottmadingen"]
[WhiteTeamCountry "GER"]
[BlackTeamCountry "GER"]

1. d4 d6 2. c4 e5 3. d5 f5 4. Nc3 Nf6 5. Qc2 g6 6. g3 Bg7 7. Bg2 0-0 8. e3 a5 9. Nge2 Na6 10. a3 Bd7 11. Rb1 Qe8 12. b4 axb4 13. axb4 g5 14. h4 h6 15. hxg5 hxg5 16. e4 f4 17. f3 Kf7 18. g4 Rh8 19. Rxh8 Qxh8 20. Ng1 Qh2 21. Qf2 Bxg4 22. fxg4 Nxg4 23. Nf3 Qh5 24. Qg1 Nf6 25. c5 g4 26. Nd2 Nd7 27. Bf1 Bf6 28. Bb5 Nab8 29. Kd1 f3 30. cxd6 cxd6 31. Nf1 Bh4 32. Ng3 Bxg3 33. Qxg3 Nf6 34. Kc2 Na6 35. Kb3 Rc8 36. Bd3 Qg6 37. Bd2 Rh8 38. Rg1 Nb8 39. Qf2 Nbd7 40. Be1 Qh6 41. Bd2 Qg6 42. Be1 Ke7 43. Qxf3 Rh5 44. Qg2 Qh7 45. Bg3 Rh3 46. Qf2 Nf8 47. Qa7 Qh6 48. Qf2 Qg5 49. Bf1 Rh7 50. Bg2 Rf7 51. Bh4 Qf4 52. Rf1 Ng6 53. Bg3 Qg5 54. Qf5 Qxf5 55. Rxf5 Rh7 56. Rf1 Nh5 57. Ne2 Nxg3 58. Nxg3 Nf4 59. Nf5+ Kd7 60. Rh1 Rf7 61. Bf1 Rf6 62. Rh7+ Kc8 63. Rg7 Nxd5 64. Rxg4 Ne3 65. Nxe3 Rf3 66. Kc4 Rxe3 67. Kd5 Re1 68. Bd3 Rd1 69. Rg3 Kd7 70. Kc4 Kc6 71. Kc3 Rc1+ 72. Kb2 Rd1 73. Kc2 Re1 74. Rg7 Kb6 75. Kd2 Ra1 76. Bc4 Ra4 77. Bd5 Rxb4 78. Rxb7+ Ka5 79. Rxb4 Kxb4 80. Ke3 Kc5 81. Kf3 Kb6 82. Kg4 Kc7 83. Kf5 Kd8 84. Ke6 Kc7 85. Ke7 1-0

[Event "Verbandsliga Suedbaden 1516"]
[Site "Baden"]
[Date "2016.03.06"]
[Round "7.3"]
[White "Akermann, Thomas"]
[Black "Valevsky, Libor"]
[Result "1-0"]
[WhiteElo "2168"]
[BlackElo "2205"]
[PlyCount "53"]
[EventDate "2015.09.27"]
[EventType "team-tourn"]
[EventRounds "9"]
[EventCountry "GER"]
[SourceTitle "EXT 2022"]
[Source "ChessBase"]
[SourceDate "2021.10.06"]
[SourceVersion "1"]
[SourceVersionDate "2021.10.06"]
[SourceQuality "1"]
[WhiteTeam "Gottmadingen"]
[BlackTeam "Ebringen"]
[WhiteTeamCountry "GER"]
[BlackTeamCountry "GER"]

1. d4 d5 2. c4 c6 3. Nc3 Nf6 4. e3 a6 5. Nf3 e6 6. Bd3 Nbd7 7. 0-0 Bd6 8. e4 dxe4 9. Nxe4 Nxe4 10. Bxe4 h6 11. b3 Nf6 12. Bc2 Qe7 13. Re1 Ba3 14. Bf4 Bd6 15. Be5 b6 16. Qd3 Bb7 17. h3 Rd8 18. Qe3 0-0 19. Bxf6 Qxf6 20. c5 Bc7 21. b4 b5 22. Rad1 Qf4 23. Qd3 g6 24. Rxe6 Kh8 25. g3 Qxf3 26. Qxf3 fxe6 27. Qe3 1-0

[Event "Verbandsliga Suedbaden 1516"]
[Site "Baden"]
[Date "2015.11.22"]
[Round "3.3"]
[White "Akermann, Thomas"]
[Black "Riehle, Marco"]
[Result "1-0"]
[WhiteElo "2168"]
[BlackElo "2134"]
[PlyCount "57"]
[EventDate "2015.09.27"]
[EventType "team-tourn"]
[EventRounds "9"]
[EventCountry "GER"]
[SourceTitle "EXT 2022"]
[Source "ChessBase"]
[SourceDate "2021.10.06"]
[SourceVersion "1"]
[SourceVersionDate "2021.10.06"]
[SourceQuality "1"]
[WhiteTeam "Gottmadingen"]
[BlackTeam "Sasbach"]
[WhiteTeamCountry "GER"]
[BlackTeamCountry "GER"]

1. d4 d5 2. c4 e6 3. Nc3 c6 4. e3 Nf6 5. Nf3 Nbd7 6. Qc2 Bd6 7. Be2 0-0 8. 0-0 Qe7 9. h3 e5 10. cxd5 cxd5 11. Nb5 Bb8 12. b3 e4 13. Ba3 Qe6 14. Nd2 a6 15. Nc7 Bxc7 16. Qxc7 Ne8 17. Qf4 f5 18. Bxf8 Nxf8 19. Rac1 Ng6 20. Qg3 Nd6 21. Rc5 f4 22. Qg5 b6 23. Bg4 Qf7 24. Qd8+ Nf8 25. Rxc8 Nxc8 26. Bxc8 f3 27. Rc1 Qg6 28. Qxd5+ Kh8 29. Nxf3 1-0

[Event "Verbandsliga Suedbaden 1415"]
[Site "Baden"]
[Date "2015.02.08"]
[Round "6.2"]
[White "Akermann, Thomas"]
[Black "Schmider, Bernd"]
[Result "0-1"]
[WhiteElo "2183"]
[BlackElo "2191"]
[PlyCount "136"]
[EventDate "2014.10.12"]
[EventType "team-tourn"]
[EventRounds "9"]
[EventCountry "GER"]
[SourceTitle "EXT 2022"]
[Source "ChessBase"]
[SourceDate "2021.10.06"]
[SourceVersion "1"]
[SourceVersionDate "2021.10.06"]
[SourceQuality "1"]
[WhiteTeam "Gottmadingen"]
[BlackTeam "Lahr"]
[WhiteTeamCountry "GER"]
[BlackTeamCountry "GER"]

1. c4 Nf6 2. Nc3 c5 3. g3 d5 4. cxd5 Nxd5 5. Bg2 Nc7 6. Qb3 Nc6 7. Bxc6+ bxc6 8. Qa4 e5 9. Nf3 f6 10. Qxc6+ Bd7 11. Qe4 Bd6 12. d3 0-0 13. Nd2 f5 14. Qg2 Re8 15. Nc4 Bf8 16. 0-0 Re6 17. f4 Bc6 18. Qf2 exf4 19. Bxf4 Nd5 20. Ne5 Bb7 21. Nf3 h6 22. Rad1 Nxc3 23. bxc3 Qe7 24. Rfe1 Re8 25. Kf1 Qf7 26. d4 cxd4 27. cxd4 Ra6 28. Ne5 Qh5 29. Rd2 Bd5 30. Rc1 Ba3 31. Rb1 Be4 32. Rb3 Rc8 33. Rd1 Bd6 34. g4 fxg4 35. Kg1 Rxa2 36. Rg3 Rf8 37. Qe3 Bd5 38. Rf1 Ra3 39. Nd3 Bxf4 40. Nxf4 Rxe3 41. Nxh5 Rxf1+ 42. Kxf1 Rxg3 43. Nxg3 a5 44. Ke1 a4 45. Kd2 g6 46. e4 Bc4 47. Nh1 h5 48. Nf2 a3 49. Kc3 a2 50. Kb2 Kf7 51. Nd1 Kf6 52. Ne3 Bb3 53. e5+ Ke6 54. Ka1 h4 55. Nxg4 Kd5 56. e6 Kxe6 57. Ne3 Kf6 58. Kb2 Kg5 59. d5 Kf6 60. Ng4+ Kf5 61. d6 Be6 62. h3 g5 63. Ka1 Kf4 64. Nf6 Bxh3 65. Kxa2 Be6+ 66. Kb2 h3 67. Nd5+ Kf3 68. Nc7 Bd7 0-1

[Event "SUI-ch HT"]
[Site "Bern"]
[Date "2014.10.04"]
[Round "9"]
[White "Akermann, Thomas"]
[Black "Wyss, Jonas"]
[Result "0-1"]
[WhiteElo "2191"]
[BlackElo "2270"]
[PlyCount "58"]
[EventDate "2014.09.27"]
[EventType "swiss"]
[EventRounds "9"]
[EventCountry "SUI"]
[SourceTitle "EXT 2016"]
[Source "ChessBase"]
[SourceDate "2015.10.08"]
[SourceVersion "1"]
[SourceVersionDate "2015.10.08"]
[SourceQuality "1"]

1. d4 f5 2. g3 Nf6 3. Bg2 g6 4. c4 Bg7 5. Nc3 0-0 6. Nh3 d6 7. Nf4 c6 8. d5 e5 9. dxe6 Na6 10. Be3 Nc7 11. Qd2 Ng4 12. Bd4 Ne5 13. b3 Bxe6 14. 0-0-0 Qe7 15. h4 Rfd8 16. h5 g5 17. h6 Bf8 18. Nxe6 Nxe6 19. f4 Nxd4 20. Qxd4 Nf7 21. Rh5 Bxh6 22. Rdh1 Bg7 23. Qd3 Qf6 24. Kc2 h6 25. Bh3 d5 26. c5 d4 27. Nd1 Rd5 28. b4 Re8 29. Bg2 Rxe2+ 0-1

[Event "SUI-ch HT"]
[Site "Bern"]
[Date "2014.09.28"]
[Round "2"]
[White "Jussupow, Artur"]
[Black "Akermann, Thomas"]
[Result "1-0"]
[WhiteElo "2581"]
[BlackElo "2191"]
[PlyCount "87"]
[EventDate "2014.09.27"]
[EventType "swiss"]
[EventRounds "9"]
[EventCountry "SUI"]
[SourceTitle "EXT 2016"]
[Source "ChessBase"]
[SourceDate "2015.10.08"]
[SourceVersion "1"]
[SourceVersionDate "2015.10.08"]
[SourceQuality "1"]

1. d4 e6 2. Nf3 c5 3. e3 Nf6 4. Bd3 b6 5. 0-0 Bb7 6. c4 Be7 7. Nc3 cxd4 8. exd4 0-0 9. d5 h6 10. Bf4 Bb4 11. Nb5 a6 12. Bd6 Bxd6 13. Nxd6 Qc7 14. Nxb7 Qxb7 15. Bc2 b5 16. dxe6 dxe6 17. c5 Nc6 18. Rc1 Rad8 19. Qe2 Rfe8 20. Rfd1 Rxd1+ 21. Bxd1 e5 22. Bb3 e4 23. Nd2 Re5 24. h3 Qe7 25. Qe3 Nd7 26. a3 Qg5 27. Nxe4 Rxe4 28. Qxg5 hxg5 29. Bd5 Nd4 30. Bxe4 Ne2+ 31. Kf1 Nxc1 32. c6 Nb6 33. Bc2 b4 34. Ke1 b3 35. Be4 a5 36. Kd2 Na2 37. c7 Kf8 38. Bf5 Ke7 39. c8Q Nxc8 40. Bxc8 Kd6 41. Bg4 Kc5 42. Bd7 Kd5 43. Be8 Ke6 44. Ba4 1-0

[Event "Verbandsliga Sued Baden 1112"]
[Site "Germany"]
[Date "2012.01.29"]
[Round "5.3"]
[White "Fien, Andreas"]
[Black "Akermann, Thomas"]
[Result "1-0"]
[WhiteElo "2134"]
[BlackElo "2156"]
[PlyCount "57"]
[EventDate "2011.10.09"]
[EventType "team-tourn"]
[EventRounds "9"]
[EventCountry "GER"]
[SourceTitle "EXT 2013"]
[Source "ChessBase"]
[SourceDate "2012.11.22"]
[SourceVersion "1"]
[SourceVersionDate "2012.11.22"]
[SourceQuality "1"]
[WhiteTeam "Lahr"]
[BlackTeam "Gottmadingen"]
[WhiteTeamCountry "GER"]
[BlackTeamCountry "GER"]

1. e4 e6 2. d4 d5 3. e5 Bd7 4. Nf3 c5 5. c3 Nc6 6. a3 Nge7 7. b4 cxd4 8. cxd4 Nf5 9. Bb2 Qb6 10. g4 Nh6 11. h3 Be7 12. Bd3 Na5 13. Nbd2 Rc8 14. Qe2 Nc4 15. Bxc4 dxc4 16. Ne4 0-0 17. Bc3 Bc6 18. 0-0 Bd5 19. Nfd2 f5 20. exf6 gxf6 21. Nc5 Qd6 22. Nxc4 Bxc4 23. Qxc4 b6 24. Rae1 bxc5 25. dxc5 Qd7 26. Rxe6 Nf7 27. Rfe1 Rce8 28. c6 Qc8 29. Rxe7 1-0

[Event "Zuerich op-A 32nd"]
[Site "Zuerich"]
[Date "2008.12.28"]
[Round "4"]
[White "Schnelli, Roman"]
[Black "Akermann, Thomas"]
[Result "1/2-1/2"]
[WhiteElo "2013"]
[BlackElo "2149"]
[PlyCount "46"]
[EventDate "2008.12.26"]
[EventType "swiss"]
[EventRounds "7"]
[EventCountry "SUI"]
[SourceTitle "CBM 127 Extra"]
[Source "ChessBase"]
[SourceDate "2009.01.08"]
[SourceVersion "2"]
[SourceVersionDate "2009.01.28"]
[SourceQuality "1"]

1. e4 c5 2. Nf3 e6 3. d4 cxd4 4. Nxd4 Nf6 5. Nc3 d6 6. Be2 Be7 7. 0-0 0-0 8. Kh1 Nc6 9. Be3 Bd7 10. f4 Qc7 11. Ndb5 Qb8 12. a4 a6 13. Na3 Bc8 14. Nc4 Nd7 15. a5 Qc7 16. Qe1 Nc5 17. Qg3 Kh8 18. Qf2 Nb4 19. Nb6 Rb8 20. Bf3 Bd7 21. Rfd1 Be8 22. Rd2 Nd7 23. Rad1 Nc6 1/2-1/2

[Event "Zuerich op-A 32nd"]
[Site "Zuerich"]
[Date "2008.12.26"]
[Round "1"]
[White "Akermann, Thomas"]
[Black "Rusev, Krasimir"]
[Result "0-1"]
[WhiteElo "2149"]
[BlackElo "2541"]
[PlyCount "100"]
[EventDate "2008.12.26"]
[EventType "swiss"]
[EventRounds "7"]
[EventCountry "SUI"]
[SourceTitle "CBM 127 Extra"]
[Source "ChessBase"]
[SourceDate "2009.01.08"]
[SourceVersion "2"]
[SourceVersionDate "2009.01.28"]
[SourceQuality "1"]

1. c4 Nf6 2. Nc3 e6 3. e4 c5 4. e5 Ng8 5. Nf3 Nc6 6. d4 cxd4 7. Nxd4 Nxe5 8. Ndb5 a6 9. Nd6+ Bxd6 10. Qxd6 f6 11. Be3 Ne7 12. Bb6 Nf5 13. Qb4 Nc6 14. Qc5 Qe7 15. 0-0-0 Qxc5 16. Bxc5 d6 17. Ba3 e5 18. Ne4 Be6 19. Nxd6+ Nxd6 20. Rxd6 Kf7 21. Bd3 Rad8 22. Rd1 Rxd6 23. Bxd6 g5 24. b3 f5 25. Kb2 h5 26. Kc3 Kf6 27. b4 Nd8 28. a4 Nf7 29. Bc5 Rc8 30. a5 g4 31. Be2 f4 32. Bd6 Ng5 33. f3 h4 34. fxg4 h3 35. gxh3 f3 36. Bf1 Ne4+ 37. Kb3 Nxd6 38. Rxd6 e4 39. Rd4 Ke5 40. Kc3 e3 41. Kd3 Rxc4 42. Rxc4 Bxc4+ 43. Kxe3 Bxf1 44. Kxf3 Bxh3 45. Kg3 Bf1 46. h4 Bc4 47. h5 Bd5 48. Kh4 Kf6 49. g5+ Kf5 50. h6 Bg8 0-1

[Event "Verbandsliga Sued Baden 0809"]
[Site "Germany"]
[Date "2008.11.30"]
[Round "4.1"]
[White "Rufener, Markus"]
[Black "Akermann, Thomas"]
[Result "1-0"]
[WhiteElo "2323"]
[BlackElo "2149"]
[PlyCount "83"]
[EventDate "2008.09.28"]
[EventType "team"]
[EventRounds "9"]
[EventCountry "GER"]
[SourceTitle "EXT 2010"]
[Source "ChessBase"]
[SourceDate "2010.11.25"]
[SourceVersion "1"]
[SourceVersionDate "2010.11.25"]
[SourceQuality "1"]
[WhiteTeam "Dreisamtal"]
[BlackTeam "Gottmadingen"]
[WhiteTeamCountry "GER"]
[BlackTeamCountry "GER"]

1. d4 Nf6 2. c4 e6 3. Nf3 b6 4. Nc3 Bb4 5. Bg5 Bb7 6. e3 h6 7. Bh4 g5 8. Bg3 Ne4 9. Qc2 Bxc3+ 10. bxc3 d6 11. Bd3 Nxg3 12. fxg3 Nd7 13. Be4 Bxe4 14. Qxe4 Nf6 15. Qc6+ Ke7 16. Nd2 g4 17. Qa4 Qe8 18. Qc2 Qg8 19. 0-0 h5 20. Ne4 Nd7 21. Qf2 Qg6 22. Nd2 Rh7 23. e4 Rah8 24. Rfe1 Rh6 25. Qf4 Rg8 26. Rab1 Qg7 27. c5 bxc5 28. e5 cxd4 29. cxd4 Nb6 30. Rec1 Nd5 31. exd6+ Kd7 32. Qe5 Qxe5 33. dxe5 f6 34. dxc7 Rc8 35. exf6 Rxf6 36. Ne4 Rf5 37. Nc5+ Kd6 38. Na6 Nxc7 39. Rb7 Nxa6 40. Rxc8 Ra5 41. Rxa7 Rxa2 42. Rca8 1-0

[Event "Verbandsliga Sued Baden 0708"]
[Site "Germany"]
[Date "2008.04.06"]
[Round "8.1"]
[White "Schmider, Bernd"]
[Black "Akermann, Thomas"]
[Result "0-1"]
[WhiteElo "2175"]
[BlackElo "2175"]
[PlyCount "42"]
[EventDate "2007.10.14"]
[EventType "team"]
[EventRounds "9"]
[EventCountry "GER"]
[SourceTitle "EXT 2009"]
[Source "ChessBase"]
[SourceDate "2008.11.26"]
[SourceVersion "1"]
[SourceVersionDate "2008.11.26"]
[SourceQuality "1"]
[WhiteTeam "Lahr"]
[BlackTeam "Gottmadingen"]
[WhiteTeamCountry "GER"]
[BlackTeamCountry "GER"]

1. e4 c5 2. Nc3 e6 3. f4 d5 4. Bb5+ Nc6 5. Nf3 Nf6 6. Ne5 Qb6 7. exd5 exd5 8. Qf3 Bd6 9. a4 0-0 10. Nxd5 Nxd5 11. Qxd5 Bxe5 12. fxe5 Nd4 13. 0-0 Be6 14. Qe4 c4 15. Rf2 Rad8 16. c3 Nb3 17. Rb1 Nxc1 18. Rxc1 Rxd2 19. Rcf1 Rfd8 20. Bxc4 Bxc4 21. Qxc4 Rxf2 0-1